| 000 | 00523nam a2200181Ia 4500 | ||
|---|---|---|---|
| 999 |
_c1418 _d1418 |
||
| 003 | OSt | ||
| 005 | 20200922130803.0 | ||
| 008 | 190216s9999||||xx |||||||||||||| ||und|| | ||
| 020 | _a9780632009954 | ||
| 040 | _coclc | ||
| 082 |
_a581.234 _bHIL/M |
||
| 100 |
_aHill, Stephen A _94803 |
||
| 245 | 0 |
_aMethods In Plant Virology / _cStephen A Hill |
|
| 260 |
_bBlckwell Scientific Publishing, _c1984. _aBoston: |
||
| 300 | _a167p | ||
| 650 | _aBotany | ||
| 942 |
_cBK _2ddc _h581.234 _iHIL/M _k581.234 _mHIL/M |
||